Algunas consideraciones sobre la deuda pública interna /

Shranjeno v:
Bibliografske podrobnosti
Glavni avtor: Núñez González, José Manuel
Format: Texto
Teme:
Oznake: Označite
Brez oznak, prvi označite!

MARC

LEADER 00000 a a2200000 04500
001 17208
003
040
100 |a Núñez González, José Manuel  
245 |a Algunas consideraciones sobre la deuda pública interna /  |c José Manuel Núñez González 
650 |a DEUDA PUBLICA  
650 |a REFORMA TRIBUTARIA  
650 |a GASTOS SOCIALES  
650 |a POLITICA DE DESARROLLO  
650 |a SUBSIDIOS  
650 |a POLITICA CULTURAL  
650 |a GLOBALIZACION  
650 |a POLITICA DE COMUNICACION  
773 |g volumen 9, número 3; páginas 50-92  
999 |c 34158  |d 34158